Formel-1-Weltmeister - Sudden Death - Statistiken

Allgemein
  • Dieses Quiz wurde 578 mal gespielt
  • Das Durchschnittsergebnis liegt bei 13 aus 20
Answers on the Grid
Answers color-coded by a green-red scale on the quiz's grid according to % correct below.
Max Verstappen
Lewis Hamilton
Nico Rosberg
Sebastian Vettel
Jenson Button
Kimi Räikkönen
Fernando Alonso
Michael Schumacher
Alberto Ascari
Ayrton Senna
Alain Prost
Nigel Mansell
Niki Lauda
Nelson Piquet
Juan Manuel Fangio
Mika Häkkinen
Jacques Villeneuve
Damon Hill
Emerson Fittipaldi
Jackie Stewart
Rubens Barrichello
Sergio Pérez
Felipe Massa
Riccardo Patrese
Valtteri Bottas
Nico Hülkenberg
Mark Webber
Jean Alesi
Romain Grosjean
Charles Leclerc
 
Antwortstatistiken
Antwort % Korrekt
Max Verstappen
80%
Michael Schumacher
77%
Sebastian Vettel
77%
Lewis Hamilton
76%
Niki Lauda
75%
Nico Rosberg
74%
Ayrton Senna
72%
Kimi Räikkönen
72%
Fernando Alonso
71%
Alain Prost
69%
Mika Häkkinen
67%
Jenson Button
66%
Jacques Villeneuve
64%
Nelson Piquet
62%
Juan Manuel Fangio
60%
Damon Hill
59%
Nigel Mansell
58%
Emerson Fittipaldi
55%
Jackie Stewart
55%
Alberto Ascari
53%
Keine übereinstimmenden Quizze gefunden
Verteilung der Resultate
Anzahl Personen mit jedem Resultat
Perzentil nach korrekt beantworteten Fragen
Ihre Resultats-Entwicklung
Sie haben dieses Quiz noch nicht gespielt